Statistics for Asia English proficiency, top 10

Click here to take the quiz!

General Stats

  • This quiz has been taken 20 times
  • The average score is 7 of 10

Answer Stats

HintAnswer% Correct
2.India
94%
6.Philippines
89%
3.Pakistan
83%
1.Singapore
83%
9.Hong Kong
78%
5.Malaysia
78%
3.Israel
67%
9.Bangladesh
56%
7.Lebanon
39%
7.Bahrain
33%

Score Distribution

Percentile by Number Answered

Percent of People with Each Score

Your Score History

You have not taken this quiz